Loading...

Victor Hugo and his world

Bibliographic Details
Main Author: Maurois, Andre
Format: Printed Book
Language:English
Published: London : thames and hudson , c1966.
LEADER 00427nam a22001217a 4500
008 170518b xxu||||| |||| 00| 0 eng d
100 |a Maurois, Andre 
245 |a Victor Hugo and his world 
260 |a London :  |b thames and hudson ,  |c c1966. 
300 |b 145p. 
942 |c BK 
999 |c 199932  |d 199932 
952 |0 0  |1 0  |4 0  |6 843_700000000000000_MAU_V  |7 0  |9 221285  |a ENG  |b ENG  |c REF  |d 2017-05-18  |i 3915  |l 0  |o 843.7 MAU/V  |p ENG3915  |r 2017-05-18  |w 2018-08-21  |y REF